00921nam a2200301 u 450000100070000000500170000700800410002402000150006503500110008003500200009104000130011104100080012408200080013210000370014024500280017725000110020526000410021630000180025750000450027565000240032065000190034465000180036365000450038165000320042694200090045899900190046795201330048630669720260506082608.0980915s1985 spa  a8475309534 a306697 a(OCoLC)48298393 ccomduadb aspa 4a57110aCarter, Howard4auteaut928837010aLa tumba de tutankhamon a2. ed. aBarcelona :bEdiciones Orbis,c1985. a284 páginas aDonacion: Luz Posada de Greiff: May./98. aTutankamón910088 aFaraones94076 aEgipto933676 7aExcavaciones arqueológicas2lemb92310 aTumbas prehistoricas930946 cBOOK c104709d104709 001040708SEMIACTIVAaBCbBCd1998-09-15iC387264l0o571.0962 C323tp61000002935803r2023-04-22 00:00:00t1w2023-04-22yBOOK